| 000 | 00000nam 2200000zi 4500 |
| 001 | 9.930845 |
| 003 | CaOODSP |
| 005 | 20240228142026 |
| 006 | m o d f |
| 007 | cr mn||||||||| |
| 008 | 231124s2024 onca o f000 0 ||| d |
| 020 | |a9780660690247 |
| 040 | |aCaOODSP|beng|erda|cCaOODSP |
| 041 | 7|aprs|2iso639-3 |
| 043 | |an-cn--- |
| 086 | 1 |aRv4-170/2024Per2-PDF |
| 245 | 00|a[New to Canada?] : |b[you may be eligible for benefits and credits]. |
| 250 | |a[Dari edition]. |
| 264 | 1|a[Ottawa] : |bCanada Revenue Agency = Agence du revenue du Canada, |c[2024] |
| 300 | |a1 online resource (1 page) : |billustrations |
| 336 | |atext|btxt|2rdacontent |
| 337 | |acomputer|bc|2rdamedia |
| 338 | |aonline resource|bcr|2rdacarrier |
| 500 | |aIssued also in English under title: New to Canada? You may be eligible for benefits and credits; and in French under title: Vous venez d'arriver au Canada? Vous pourriez avoir droit à des prestations et à des crédits. |
| 500 | |aTitle in English supplied from publisher. |
| 500 | |a"RC 629-224 (DA)." |
| 546 | |aText in Dari. |
| 650 | 0|aImmigrants|xTaxation|zCanada. |
| 650 | 0|aImmigrants|xServices for|zCanada. |
| 650 | 0|aFamily allowances|zCanada. |
| 650 | 0|aTax credits|zCanada. |
| 650 | 0|aTax returns|zCanada. |
| 710 | 2 |aCanada Revenue Agency, |eissuing body. |
| 775 | 08|tNew to Canada? : |w(CaOODSP)9.930831 |
| 792 | |t[Vous venez d'arriver au Canada?] : |efre|w(CaOODSP)9.930846 |
| 856 | 40|qPDF|s138 KB|uhttps://publications.gc.ca/collections/collection_2024/arc-cra/Rv4-170-2024-2-per.pdf |
| 986 | |aRC 629-224 (DA) |